| 000 | 01008nam a2200337 i 4500 | ||
|---|---|---|---|
| 999 |
_c161161 _d161161 |
||
| 001 | C2-0218146 | ||
| 003 | PPAK | ||
| 005 | 20191030112900.0 | ||
| 008 | 990721t20151999my ao e o 1 may d | ||
| 020 | _a9836259716 | ||
| 020 |
_a9789836259714 _cRM40.00 _qpaperback |
||
| 040 |
_aPPAK _beng _cPPAK _erda |
||
| 082 | 0 | 4 |
_a635.9344 _2 23 |
| 090 | 0 | 0 |
_a635.9344 _bNOR _dR |
| 090 | 2 | 0 |
_a635.9344 _bNOR _dG |
| 100 | 0 |
_aNor Ain Mohd. Rejab, _eauthor. |
|
| 245 | 1 | 0 |
_aOrkid / _cNOR AIN MOHD. REJAB |
| 264 | 1 |
_aKuala Lumpur : _bDewan Bahasa dan Pustaka, _c2015 |
|
| 264 | 4 | _c©1999 | |
| 300 |
_avii, 110 pages : _bcolour photographs ; _c24 cm |
||
| 336 |
_2rdacontent _atext |
||
| 337 |
_2rdamedia _aunmediated |
||
| 338 |
_2rdacarrier _avolume |
||
| 490 | 1 | _aSIRI TANAMAN BUNGA-BUNGAAN DALAM LANDSKAP | |
| 500 | _aIncludes index | ||
| 504 | _aBibliography pages : 107-108 | ||
| 650 | 1 | 0 | _aOrchids |
| 650 | 2 | 0 | _aOrchid culture |
| 830 | 0 | _aSiri tanaman bunga-bungaan dalam landskap | |
| 942 |
_cB _2ddc |
||